Merací systém rýchlosti otáčania

Saved in:
Bibliographic Details
Main Author: Gubán, Andrej (Author)
Other Authors: Dúbravský, Jozef (Thesis advisor)
Format: Manuscript Book
Language:Slovak
Published: 2015
Subjects:
Online Access:http://is.stuba.sk/zp/portal_zp.pl?podrobnosti=111725
Tags: Add Tag
No Tags, Be the first to tag this record!

MARC

LEADER 00000ntm a22000003a 4500
001 stuzp51866
003 SK-STU
005 20160719154005.3
007 ta
008 150427s2015----xo-----f-mn---000-0-slo-d
040 |a STU  |b slo 
041 0 |a slo 
100 1 |a Gubán, Andrej  |u 031000  |4 aut  |U FEI Fakulta elektrotechniky a informatiky  |T FEI Ústav robotiky a kybernetiky  |X 64819  |U E011  |Y 356  |7 A000064819 
242 0 1 |a Rotation speed measuring device  |y eng 
245 1 0 |a Merací systém rýchlosti otáčania 
260 |c 2015 
300 |a 118 s., príl.  |b CD-ROM 
650 4 |a 32- bitový mikrokontrolér  |2 slo 
650 4 |a RS232  |2 slo 
650 4 |a inkrementálny rotačný snímač  |2 slo 
650 4 |a java aplikácia  |2 slo 
650 4 |a GUI  |2 slo 
650 4 |a meranie uhlovej rýchlosti  |2 slo 
650 4 |a meranie otáčok  |2 slo 
650 4 |a Discovery kit  |2 slo 
650 4 |a STM32L15RB  |2 slo 
650 4 |a STM32L152RB  |2 eng 
650 4 |a RS232  |2 eng 
650 4 |a JAVA application  |2 eng 
650 4 |a measurement of angular velocity  |2 eng 
650 4 |a engine-rpm sensing  |2 eng 
650 4 |a Discovery kit  |2 eng 
650 4 |a 32-bit microcontroller  |2 eng 
650 4 |a shaft encoder  |2 eng 
650 4 |a GUI  |2 eng 
700 1 |a Dúbravský, Jozef  |4 ths  |X 4934  |7 A000004934 
856 4 |u http://is.stuba.sk/zp/portal_zp.pl?podrobnosti=111725 
996 |b 284EP11079  |c E*DIPL- 11079  |l EE31  |s P  |a 0  |w stuzp51866_0001 
SQL |a stuzp51866  |b DDP  |c SLO  |d Merací systém rýchlosti otáčania  |e 64819  |f Gubán, Andrej  |g 031000  |h 4934  |i Dúbravský, Jozef  |j 20150616  |k 84  |l 03  |m http://is.stuba.sk/zp/portal_zp.pl?podrobnosti=111725  |n I-ROB  |o 5.2.14. automatizácia